Normal view
MARC view
- Nicholas, John.M, Steyn, Herman
Entry Personal Name
001 - CONTROL NUMBER
- control field: 64510
003 - CONTROL NUMBER IDENTIFIER
- control field: NUST
005 - DATE AND TIME OF LATEST TRANSACTION
- control field: 20210628203304.0
008 - FIXED-LENGTH DATA ELEMENTS
- fixed length control field: 210628|| aca||aabn | a|a d
040 ## - CATALOGING SOURCE
- Original cataloging agency: NUST
- Transcribing agency: NUST
100 ## - HEADING--PERSONAL NAME
- Personal name: Nicholas, John.M, Steyn, Herman
670 ## - SOURCE DATA FOUND
- Source citation: Work cat.: (NUST): Nicholas, John.M, Steyn, Herman, Project management for business, engineering, and technology, principles and practice, 2008
